LEADER 01940nas 2200445 n 450 001 990008925750403321 005 20240229084539.0 011 $a1120-2998 035 $a000892575 035 $aFED01000892575 035 $a(Aleph)000892575FED01 035 $a000892575 091 $2CNR$aP 00049711 100 $a20090724b19842008km-y0itaa50------ba 101 0 $aita 102 $aIT 110 $aauu-------- 200 1 $aBollettino. CONSOB 207 1$a1984-2008 210 $aRoma$cIstituto poligrafico e zecca dello Stato 326 $aQuindicinale 452 0$12001$aBollettino CONSOB 530 0 $aBollettino. CONSOB 675 $a347.73 675 $a336.7 676 $a340 712 02$aCommissione nazionale per le società e la borsa 801 0$aIT$bACNP$c20090723 859 4 $uhttp://acnp.cib.unibo.it/cgi-ser/start/it/cnr/dc-p1.tcl?catno=33765&person=false&language=ITALIANO&libr=&libr_th=unina1$zBiblioteche che possiedono il periodico 901 $aSE 912 $a990008925750403321 958 $aBiblioteca del Dipartimento di Diritto dell'Economia. Università di Napoli Federico II$b1984-1985;$e1/15$fDEC 958 $aBiblioteca del dipartimento di Diritto Comune Patrimoniale.$b1984-2008.$e21-g$fDDCP 959 $aDEC 959 $aDDCP 996 $aBollettino. CONSOB$9798905 997 $aUNINA AP1 8 $6866-01$aNA032 Biblioteca del Dipartimento di Diritto dell'Economia. Università di Napoli Federico II$b1/15$evia Cintia, Compl. Univ. Monte S. Angelo, 80126 Napoli (NA)$m081 675190 081 675122$m081 675123$nit AP1 8 $6866-02$aNA215 Biblioteca del dipartimento di Diritto Comune Patrimoniale.$b21-g$eVia Porta di Massa, 32, 80138 Napoli (NA)$m081/2534319$m081/2534319$nit AP2 40$aacnp.cib.unibo.it$nACNP Italian Union Catalogue of Serials$uhttp://acnp.cib.unibo.it/cgi-ser/start/it/cnr/df-p.tcl?catno=33765&language=ITALIANO&libr=&person=&B=1&libr_th=unina&proposto=NO LEADER 02168nam0 2200445 i 450 001 VAN0133012 005 20230623103032.844 017 70$2N$a9783319071039 100 $a20210401d2014 |0itac50 ba 101 $aeng 102 $aCH 105 $a|||| ||||| 200 1 $aIntegrated Devices for Quantum Information with Polarization Encoded Qubits$eDoctoral Thesis accepted by Sapienza Università di Roma, Italy$fLinda Sansoni 210 $aCham$cSpringer$d2014 215 $axii, 140 p.$cill.$d24 cm 410 1$1001VAN0104193$12001 $aSpringer theses$erecognizing outstanding Ph.D. research$1210 $aBerlin$cSpringer$d2010- 500 1$3VAN0141092$aIntegrated Devices for Quantum Information with Polarization Encoded Qubits$91770504 606 $a81-XX$xQuantum theory [MSC 2020]$3VANC019967$2MF 606 $a81V80$xQuantum optics [MSC 2020]$3VANC023592$2MF 606 $a81P45$xQuantum information, communication, networks (quantum-theoretic aspects) [MSC 2020]$3VANC030931$2MF 610 $aAnderson localization$9KW:K 610 $aIntegrated Devices for Quantum Information Processing$9KW:K 610 $aLaser Writing$9KW:K 610 $aPhoton Polarization Qubit$9KW:K 610 $aPolarization Encoding$9KW:K 610 $aQuantum Information Science and Technology$9KW:K 610 $aQuantum Simulation$9KW:K 610 $aQuantum Transport$9KW:K 610 $aQuantum Walk on a Chip$9KW:K 620 $aCH$dCham$3VANL001889 700 1$aSansoni$bLinda$3VANV106814$0791855 712 $aSpringer $3VANV108073$4650 801 $aIT$bSOL$c20240614$gRICA 856 4 $uhttp://doi.org/10.1007/978-3-319-07103-9$zE-book ? Accesso al full-text attraverso riconoscimento IP di Ateneo, proxy e/o Shibboleth 899 $aBIBLIOTECA DEL DIPARTIMENTO DI MATEMATICA E FISICA$1IT-CE0120$2VAN08 912 $fN 912 $aVAN0133012 950 $aBIBLIOTECA DEL DIPARTIMENTO DI MATEMATICA E FISICA$d08CONS e-book 2101 $e08eMF2101 20210401 996 $aIntegrated Devices for Quantum Information with Polarization Encoded Qubits$91770504 997 $aUNICAMPANIA LEADER 01782nam0 2200433 i 450 001 VAN00065193 005 20250918122939.160 010 $a978-03-87984-79-7 100 $a20080725d1998 |0itac50 ba 101 $aeng 102 $aUS 105 $a|||| ||||| 181 $ai$b e 182 $an 183 $anc 200 1 $aBasic elements of real analysis$fMurray H. Protter 210 $aNew York$cSpringer$d1998 215 $aXI, 273 p.$cill.$d24 cm 410 1$1001VAN00024019$12001 $aUndergraduate texts in mathematics$1210 $aBerlin [etc.]$cSpringer$d1958- 606 $a26-XX$xReal functions [MSC 2020]$3VANC019778$2MF 606 $a26Axx$xFunctions of one variable [MSC 2020]$3VANC020406$2MF 610 $aCalculus$9KW:K 610 $aDerivatives$9KW:K 610 $aDifferential equations$9KW:K 610 $aImplicit functions$9KW:K 610 $aReal analysis$9KW:K 620 $aUS$dNew York$3VANL000011 700 1$aProtter$bMurray H.$3VANV019544$040750 712 $aSpringer $3VANV108073$4650 790 1$aProtter, Murray Harold$zProtter, Murray H.$3VANV259444 790 1$aProtter, M. H.$zProtter, Murray H.$3VANV259445 790 1$aProtter, M.H.$zProtter, Murray H.$3VANV259446 801 $aIT$bSOL$c20260320$gRICA 856 4 $u/sebina/repository/catalogazione/documenti/Protter - Basic elements of real analysis.pdf$zProtter - Basic elements of real analysis.pdf 899 $aBIBLIOTECA DEL DIPARTIMENTO DI MATEMATICA E FISICA$1IT-CE0120$2VAN08 912 $aVAN00065193 950 $aBIBLIOTECA DEL DIPARTIMENTO DI MATEMATICA E FISICA$d08PREST 26-XX 3488 $e08 8227 I 20080804 996 $aBasic elements of real analysis$983110 997 $aUNICAMPANIA